| 000 | 01334cam a2200445 4500 | ||
|---|---|---|---|
| 008 | 041216n2004 000 0 eng u | ||
| 020 | _a1903987032 | ||
| 035 | _a(Sirsi) u128338 | ||
| 041 | _aeng | ||
| 050 |
_a344.4094 _c18 |
||
| 110 |
_aInstitute of Art and Law _92984 |
||
| 245 | _aCultural heritage statutes | ||
| 250 | _a2nd ed. | ||
| 260 |
_aLeicester _bIAL _c2004 |
||
| 300 |
_avi, 456p. _c24cm |
||
| 350 | _a35 | ||
| 505 | _aInternational and European | ||
| 505 | _aArt and the Holocaust | ||
| 505 | _aMuseums, libraries, charities and trusts | ||
| 505 | _aAntiquities, sites and monuments | ||
| 505 | _aArt crime | ||
| 505 | _aArtists' rights | ||
| 505 | _aArt transactions | ||
| 505 | _aExports | ||
| 505 | _aProcedure and remedies | ||
| 505 | _aTaxation | ||
| 520 | _aA collection of the key domestic and international agreements, conventions and statutes which focus on the cultural heritage. Statutes are grouped under subject and are also in an alphabetical listing. | ||
| 590 | _aNB | ||
| 650 | _aSTATUTES | ||
| 650 | _aLAW | ||
| 650 | _aAGREEMENTS | ||
| 650 | _aCONVENTIONS | ||
| 650 | _aCULTURAL HERITAGE | ||
| 650 | _aCULTURAL OBJECTS | ||
| 650 | _aCULTURAL PROPERTY | ||
| 650 | _aTREATIES | ||
| 650 | _aSTATUTES | ||
| 690 |
_aArts and antiques _96217 |
||
| 942 | _n0 | ||
| 999 |
_c103895 _d103895 |
||